North American Countries by City - Statistics

General Stats
  • This quiz has been taken 67 times
  • The average score is 15 of 26
Answer Stats
City Country % Correct
Toronto Canada
98%
Havana Cuba
98%
Raleigh United States
96%
Nassau Bahamas
95%
Acapulco Mexico
95%
Port au Prince Haiti
89%
San Jose Costa Rica
78%
Tegucigalpa Honduras
76%
Port of Spain Trinidad and Tobago
73%
Belmopan Belize
71%
Santa Ana El Salvador/United States
64%
Bridgetown Barbados
62%
Castries St.Lucia
62%
Montego Bay Jamaica
60%
Puerto Vallarta Mexico
56%
Sault St. Marie Canada
53%
Basseterre St Kitts and Nevis
45%
Merida Mexico
44%
Quetzaltenango Guatemala
38%
Las Cruces United States
38%
Colón Panama
33%
San Pedro Sula Honduras
22%
San Miguel El Salvador
20%
Liberia Costa Rica
18%
Nisga´a Canada
15%
San Fernando Trinidad and Tobago
13%
No matching quizzes found
Score Distribution
Percent of People with Each Score
Percentile by Number Answered
Your Score History
You have not taken this quiz